Theory of Structures (Record no. 5290)
[ view plain ]
| 000 -LEADER | |
|---|---|
| fixed length control field | 00487nam a2200181Ia 4500 |
| 003 - CONTROL NUMBER IDENTIFIER | |
| control field | SGT |
| 020 ## - INTERNATIONAL STANDARD BOOK NUMBER | |
| International Standard Book Number | 9788170086185 |
| 082 ## - DEWEY DECIMAL CLASSIFICATION NUMBER | |
| Classification number | 624.17 |
| Item number | PUN |
| 100 ## - MAIN ENTRY--PERSONAL NAME | |
| Personal name | Punmia,B.C |
| 245 ## - TITLE STATEMENT | |
| Title | Theory of Structures |
| 260 ## - PUBLICATION, DISTRIBUTION, ETC. (IMPRINT) | |
| Name of publisher, distributor, etc | Laxmi Publications (P) Ltd |
| Place of publication, distribution, etc | New Delhi |
| Year of Publication | 2004 |
| 300 ## - PAGE DESCRIPTION | |
| No. of Pages | 648p. |
| 650 ## - SUBJECT ADDED ENTRY--TOPICAL TERM | |
| Topical term or geographic name as entry element | CIVIL ENGINEERING |
| 653 ## - KEYWORDS--INDEX TERM | |
| Keyword term | ROLLING LOADS, INFLUENCE LINES, INFLUENCE LINES FOR GIRDERS WITH FLOOR BEAMS |
| 700 ## - ADDED ENTRY--PERSONAL NAME | |
| Personal name | Jain,Arun K |
| 700 ## - ADDED ENTRY--PERSONAL NAME | |
| Personal name | Jain,Ashok K |
| 942 ## - ADDED ENTRY ELEMENTS (KOHA) | |
| Source of classification or shelving scheme | Dewey Decimal Classification |
| Koha item type | Books |
| 942 ## - ADDED ENTRY ELEMENTS (KOHA) | |
| -- | 14 |
| Withdrawn status | Lost status | Source of classification or shelving scheme | Damaged status | Not for loan | Home library | Current library | Date acquired | SGTU | Total Checkouts | Full call number | Accession No. (Barcode) | Date last seen | Bill Date | Koha item type | Total Renewals | Date last borrowed | Checked out |
|---|---|---|---|---|---|---|---|---|---|---|---|---|---|---|---|---|---|
| Dewey Decimal Classification | SGT Engineering Library | SGT Engineering Library | 02/07/2011 | SGTU | 624.17 PUN | FE3796 | 09/02/2015 | 09/02/2015 | Books | ||||||||
| Dewey Decimal Classification | SGT Engineering Library | SGT Engineering Library | 02/07/2011 | SGTU | 13 | 624.17 PUN | FE3797 | 25/07/2022 | 09/02/2015 | Books | 3 | 15/07/2022 | |||||
| Dewey Decimal Classification | SGT Engineering Library | SGT Engineering Library | 02/07/2011 | SGTU | 12 | 624.17 PUN | FE3798 | 04/06/2025 | 09/02/2015 | Books | 2 | 17/04/2025 | |||||
| Dewey Decimal Classification | SGT Engineering Library | SGT Engineering Library | 02/07/2011 | SGTU | 4 | 624.17 PUN | FE3799 | 01/11/2019 | 09/02/2015 | Books | 28/09/2019 | ||||||
| Dewey Decimal Classification | SGT Engineering Library | SGT Engineering Library | 02/07/2011 | SGTU | 1 | 624.17 PUN | FE3800 | 03/04/2017 | 09/02/2015 | Books | 3 | 03/04/2017 | 30/11/2017 |